Supernatural Forces or Beings in Shakespeare´s Plays bakalárska práca

Saved in:
Bibliographic Details
Main Author: Hyžová, Kristína
Corporate Author: Fakulta aplikovaných jazykov EU v Bratislave. Katedra interkultúrnej komunikácie
Other Authors: Stradiotová, Eva, 1963-
Format: Book
Language:English
Published: Bratislava 2018
Tags: Add Tag
No Tags, Be the first to tag this record!

MARC

LEADER 00000nbm a2200000 4500
001 0243978
005 20180913144648.6
041 0 |a eng 
044 |a SK 
245 1 0 |a Supernatural Forces or Beings in Shakespeare´s Plays  |b bakalárska práca  |c Kristína Hyžová ; školiteľ: Eva Stradiotová 
264 1 |a Bratislava  |c 2018 
300 |a 37 s. 
100 1 |a Hyžová, Kristína 
700 1 |a Stradiotová, Eva, 1963- 
710 2 |a Fakulta aplikovaných jazykov EU v Bratislave. Katedra interkultúrnej komunikácie